000 00320nam a22001337a 4500
008 180312b xxu||||| |||| 00| 0 eng d
020 _a0397550235
041 _aeng
080 _23rd
_a610.73
100 _a1
101 _aINF
245 _aApplying nursing process a step-by-step guide
_cLefevre,R.A
942 _2udc
_cBK
999 _c44722
_d44722